The emergence of carceral institutions: prisons, galleys, and lunatic assylums, 1550 -1900
| Otros Autores: | |
|---|---|
| Tipo de documento: | Print Libro |
| Lenguaje: | Inglés |
| Publicado: |
Rotterdam
Erasmus Univ.
1984
|
| En: |
Centrum voor Maatschappij Geschiedenis (12)
Año: 1984 |
| Disponibilidad en Tübingen: | Disponible en Tübingen. UB: KB 18 A 1344 |
| Verificar disponibilidad: | HBZ Gateway |
| Servicio de pedido Subito: | Pedir ahora. |
| Palabras clave: |
MARC
| LEADER | 00000cam a22000002c 4500 | ||
|---|---|---|---|
| 001 | 1091050279 | ||
| 003 | DE-627 | ||
| 005 | 20241216030959.0 | ||
| 007 | tu | ||
| 008 | 900719s1984 xx ||||| 00| ||eng c | ||
| 035 | |a (DE-627)1091050279 | ||
| 035 | |a (DE-576)021050279 | ||
| 035 | |a (DE-599)BSZ021050279 | ||
| 035 | |a (OCoLC)311286870 | ||
| 035 | |a (DE-604)8010326812 | ||
| 040 | |a DE-627 |b ger |c DE-627 |e rakwb | ||
| 041 | |a eng | ||
| 084 | |a MS 6380 |2 rvk |0 (DE-625)rvk/123753: | ||
| 245 | 0 | 4 | |a The emergence of carceral institutions |b prisons, galleys, and lunatic assylums, 1550 -1900 |c ed. by Pieter Spierenburg |
| 264 | 1 | |a Rotterdam |b Erasmus Univ. |c 1984 | |
| 300 | |a 187 S. | ||
| 336 | |a Text |b txt |2 rdacontent | ||
| 337 | |a ohne Hilfsmittel zu benutzen |b n |2 rdamedia | ||
| 338 | |a Band |b nc |2 rdacarrier | ||
| 490 | 1 | |a Centrum voor Maatschappij Geschiedenis |v 12 | |
| 583 | 1 | |a Archivierung prüfen |c 20200919 |f DE-640 |z 1 |2 pdager | |
| 689 | 0 | 0 | |d s |0 (DE-588)4123449-2 |0 (DE-627)105755109 |0 (DE-576)209559810 |a Irrenanstalt |2 gnd |
| 689 | 0 | 1 | |a z |2 gnd |a Geschichte 1550-1900 |
| 689 | 0 | |5 (DE-627) | |
| 689 | 1 | 0 | |d s |0 (DE-588)4071628-4 |0 (DE-627)106097237 |0 (DE-576)209184523 |a Gefängnis |2 gnd |
| 689 | 1 | 1 | |a z |2 gnd |a Geschichte 1550-1900 |
| 689 | 1 | |5 (DE-627) | |
| 700 | 1 | |a Spierenburg, Pieter |d 1948-2019 |e Hrsg. |0 (DE-588)17238155X |0 (DE-627)697324214 |0 (DE-576)163142653 |4 edt | |
| 810 | 2 | |a Centrum voor Maatschappij Geschiedenis |g Rotterdam |t Centrum voor Maatschappij Geschiedenis |v 12 |9 12 |w (DE-627)1091050171 |w (DE-576)021050171 |7 am | |
| 936 | r | v | |a MS 6380 |b Kriminalität, Gefängnis, Erziehungsheim |k Soziologie |k Spezielle Soziologien |k Soziale Probleme |k Kriminalität, Gefängnis, Erziehungsheim |0 (DE-627)1271441438 |0 (DE-625)rvk/123753: |0 (DE-576)201441438 |
| 951 | |a BO | ||
| ELC | |b 1 | ||
| LOK | |0 000 xxxxxcx a22 zn 4500 | ||
| LOK | |0 001 2147869929 | ||
| LOK | |0 003 DE-627 | ||
| LOK | |0 004 1091050279 | ||
| LOK | |0 005 19990417000000 | ||
| LOK | |0 008 900719||||||||||||||||ger||||||| | ||
| LOK | |0 040 |a DE-21 |c DE-627 |d DE-21 | ||
| LOK | |0 852 |a DE-21 | ||
| LOK | |0 852 1 |c KB 18 A 1344 |9 00 | ||
| LOK | |0 935 |a krim | ||
| LOK | |0 936ln |a k1 | ||
| LOK | |0 939 |a 19-07-90 |b l01 | ||
| ORI | |a SA-MARC-krimdoka001.raw | ||
| SIG | |a UB: KB 18 A 1344 | ||
| TIM | |a 100015500101_100019001231 |b Geschichte 1550-1900 | ||
